Iniciativas comunitarias de reciclaje /
保存先:
| 第一著者: | |
|---|---|
| フォーマット: | テキスト |
| 主題: | |
| タグ: |
タグ追加
タグなし, このレコードへの初めてのタグを付けませんか!
|
MARC
| LEADER | 00000 a a2200000 04500 | ||
|---|---|---|---|
| 001 | 4886 | ||
| 003 | |||
| 040 | |||
| 100 | |a Medina, Martín | ||
| 245 | |a Iniciativas comunitarias de reciclaje / |c Martín Medina | ||
| 650 | |a RECICLAJE | ||
| 650 | |a ORGANIZACIONES POPULARES | ||
| 650 | |a TRABAJO EN GRUPO | ||
| 650 | |a AMERICA LATINA | ||
| 773 | |g volumen 29, número 1; páginas 26-31 | ||
| 999 | |c 39758 |d 39758 | ||
